MDQL
is popping MORE tags! Check the
thread
!
Quizzes
Events
Quiz Creation
Community
Videos
Private Events
Remove Ads
Sign In
Join for FREE
Feedback
Dark Mode
Quiz Categories
Sports
Geography
Music
Movies
Television
Just For Fun
Miscellaneous
History
Literature
Language
Science
Gaming
Entertainment
Religion
Holiday
For Kids
Quiz Lab
Recent
Popular Today
Quiz Kudos Today
Editor Picks
Curator Picks
Quizzes by...
Day
Popularity
Type
Ratings
Length
Year
Community
Subscriptions
Recent Discussions
Orange Saloon
Badges
Playlists
Quests
Create
Leaderboards
Showdown
Live 5
Trivia Bingo
Activity
Puzzle Library
Sporcle Events
Private Events
Virtual Trivia
Globe League
Become a Host
Pub Owners
SporcleCon
Opinionation
Our Games
Videos
Blog
Mobile Apps
Partnerships
Remove Ads and Go Orange
Feedback
Sports
Athletes
MLB
NBA
NHL
NFL
Soccer
Sports Teams
WWE
NCAA
Football
Premier League
Basketball
Baseball
Hockey
Golf
Tennis
Cricket
Rugby
Auto Racing
Olympics
World Cup
Sports
Athletes
MLB
NBA
NHL
NFL
Soccer
Sports Teams
WWE
NCAA
Football
Premier League
Basketball
Baseball
Hockey
Golf
Tennis
Cricket
Rugby
Auto Racing
Olympics
World Cup
Random Quiz
Search Sporcle
×
Quiz Lab
Quiz Lab
Sports
2016
Type in answers that appear in a list
Type in answers that appear in a list
Classic
Best Score? Go Orange.
Slammiversary results 2016 Stats
Can you name the slammiversary results 2016?
By
yovel1
15m
31 Questions
8 Plays
8 Plays
8 Plays
Comments
Comments
Give Quiz Kudos
Give Quiz Kudos
-
- Ratings
hide this ad
Replay
Link that replays current quiz
Next Quiz
Link to next quiz in quiz playlist
You Got
0%
They Got
Avg Score
54%
Avg Friend Score
Upgrade to see
Score Distribution
Jump to the score distribution portion of the page
Score
0/31
Timer
15:00
0
Plays Today
Hint
Answer
% Correct
Triple Threat match for the TNA Knockouts Championship
Gail kim
87.5%
Singles match
James storm
87.5%
Falls Count Anywhere Full Metal Mayhem match
Jeff hardy
87.5%
Falls Count Anywhere Full Metal Mayhem match
Matt hardy
87.5%
Singles match for the TNA King of the Mountain Championship
Eli drake
75%
Four-
way match for the TNA X Division Championship
DJ Z
62.5%
Triple Threat match for the TNA Knockouts Championship
Jade
62.5%
Singles match for the TNA King of the Mountain Championship
Bram
62.5%
Singles match
Ec3
62.5%
Singles match
Mike bennett
62.5%
Tag team match for the TNA World Tag Team Championship
Robbie E
62.5%
Tap Out or Knockout match for the TNA World Heavyweight Championship
Lashley
62.5%
Four-
way match for the TNA X Division Championship
Eddie edwards
50%
Four-
way match for the TNA X Division Championship
Trevor lee
50%
Four-
way match for the TNA X Division Championship
Andrew Everett
50%
Tag team match
Grado
50%
Hint
Answer
% Correct
The winners's manager
Al snow
50%
Triple Threat match for the TNA Knockouts Championship
sienna
50%
The winner's managers
Allie, Maria
50%
The opponent's manager
Maria
50%
Tag team match for the TNA World Tag Team Championship
Decay
50%
The winners's manager
Rosemary
50%
Tap Out or Knockout match for the TNA World Heavyweight Championship
Drew Galloway
50%
Singles match
Mandrews
37.5%
Tag team match
Basile Baraka
37.5%
Tag team match
Mahabali Shera
37.5%
The opponents's manager
Raquel
37.5%
Tag team match
Baron dax
37.5%
Singles match
Paredyse
25%
Singles match
Braxton Sutter
25%
Tag team match for the TNA World Tag Team Championship
Jessie godderz
25%
Quiz Playlist
Details
Report
Send in Message
Add To Playlist
Classic:
Type in answers that appear in a list
Last Updated: Feb 16, 2017
Quiz Scoreboard
CHALLENGE
Sign Up to Join the Scoreboard
Show All
Scores
Hide
Comments
May contain spoilers
Recently Published
Find the 'City' Movie
by crazypaving
Movies
60s
5x2 Blitz: Bands
by SL_Kpop136
Music
30s
Colored Red Africa Blitz
by spor1
Geography
30s
More to Explore
Quiz From the Vault
Featured Blog Post
14 Easter Pick-up Lines to Find Eggs With
hide this ad
You Might Also Like...
Tags
2016
result
Today's Top Quizzes in Sports
Browse Sports
hide this ad
Today's Top Quizzes in 2016
Browse 2016
Top Contributed Quizzes in Sports
1
Les entraîneurs de l'OM et du PSG au 21e siècle
2
Les meilleurs buteurs des matchs entre le PSG et l’OM
3
Players with Multiple 50 Home Run Seasons
4
2022 World Cup Stars
5
Les joueurs passés par le PSG et l'OM
6
NBA Logic Puzzle 2.0
7
Criteria MLB: Left Handed Sluggers
8
MLB Players with Two .350 Batting Average Seasons
9
Top 10 NHL Goal Scorers of All Time
10
Who Hit More Homers?
Explore More
Trending Topics
Crossword
Harry Potter
Marvel
Kpop
Disney
NBA
Anime
Song
Puzzle
NFL
The Office
Country
Pokémon
Soccer
WWE
hide this ad
More By:
yovel1
Quiz
Plays
Rating
Category
Featured
Created
wwe divas quiz
1,085
1.00
Sports
Jun 25, 2016
wwe divas hardest quiz ever (mixed words)
672
4.00
Sports
Sep 23, 2016
how much do you know about diva sasha banks wwe?
577
1.67
Sports
May 8, 2016
how much do you know about diva nikki bella wwe
440
2.00
Sports
May 6, 2016
wwe logic puzzle 2016
429
1.00
Sports
Jun 24, 2016
Go to Creator's Profile
Score Distribution
Quiz Creator Spotlight
yovel1
Follow
Send a Message
Quizzes Created
-
Created Quiz Play Count
-
More By This Creator
Popular Quizzes Today
1
Colored Red Africa Blitz
2
Find the 'City' Movie
3
Find the US States - No Outlines Minefield
4
5x2 Blitz: Bands
5
The Countries of the World
6
Find the US States
7
Find the Countries of Europe - No Outlines Minefield
8
US States
More Sports Quizzes
Soccer Clubs: Is That My Country?
Published
Trending Quizzes
Colored Red Europe Blitz I
Colored Red Europe Blitz II
Colored Red Africa Blitz II
Colored Red Europe Blitz III
Colored Red Africa Blitz III
Recently Updated
How Do You Spell That?
pecheneg
Godzilla Movies
pecheneg
Grab Bag: 4-10 Letters
pecheneg
2024 March Madness Bracket
pecheneg
Famous TV Couples
Peacemaker
Champions League XIs: Real Madrid
pecheneg
Largest US Cities 1790-2010
pecheneg
Rides in Walt Disney World
pecheneg
Most Oscar Losses (Acting)
pecheneg
Beyoncé Albums
pecheneg
Trending Topics
Marvel
Crossword
Harry Potter
Anime
Disney
NBA
Kpop
Puzzle
WWE
Pokémon
The Office
NFL
Country
Song
Soccer
Your Account Isn't Verified!
In order to create a playlist on Sporcle, you need to verify the email address you used during registration. Go to your
Sporcle Settings
to finish the process.
Report this User
Report this user for behavior that violates our
Community Guidelines
.
Details:
Send Report
Go to the Sporcle.com Mobile Site →
Comments